000 00759cam a2200205 a 4500
001 000018338
005 20200929165449.0
008 740801s1967 xxca b 000 0 eng d
040 _aDO-SdBNP
_beng
_cLC
_dBNPHU
050 0 0 _aCT3270
_b.I5
082 _ann*
_bC623
245 0 4 _aThe clear spirit :
_btwenty Canadian women and their times /
_cedición Mary Quayle Innis.
260 _a[Toronto] :
_bFederación Canadiense de Mujeres Universitarias, Prensa de la Universidad de Toronto,
_c1967.
300 _axvi, 304 p. :
_bil. ;
_c24 cm.
650 0 _aWomen
_zCanada
_xBiography.
_939720
700 1 _aInnis, Mary (Quayle),
_eed.
_926676
710 2 _aCanadian Federation of University Women.
_939721
910 _aCatalogación por derivada / LC
049 _aBNGR
999 _c17859
_d17859